• 首页
  • 本馆介绍
  • 公告通知
  • 最新文献
  • 馆藏检索
  • 电子资源
  • 读者导购
  • 参考咨询
  • 我的图书馆
  • 登录
  • 详细信息显示
  • 放入我的书架
  • 预约/预借图书
  • 作者相关作品
  • 分类相关作品
  • 丛书相关作品
  • 出版社相关作品

书目信息

  • 表格格式
  • 工作单格式
  • 卡片格式
题名:
历史的沸点
    
 
作者: 赵海峰, 著
分册: 第三卷   北朝: 大一统前的铁血迷乱
出版信息: 北京   华文出版社  2019.08
页数: 412页
开本: 23cm
丛书名:
单 册:
中图分类: K209 , K239.209
科图分类:
主题词: 中国历史--zhong guo li shi--通俗读物 , 北朝时代--bei chao shi dai--古代史--通俗读物
电子资源:
ISBN: 978-7-5075-5147-1
000 01117nam 2200277 450
001 CAL 0120192829505
005 20230302140142.31
010    @a978-7-5075-5147-1@dCNY58.00
100    @a20190821d2019 em y0chiy0120 ea
101 0  @achi
102    @aCN@b110000
105    @ay z 000yy
106    @ar
200 1  @a历史的沸点@Ali shi de fei dian@h第三卷@i北朝: 大一统前的铁血迷乱@f赵海峰著
210    @a北京@c华文出版社@d2019.08
215    @a412页@d23cm
314    @a赵海峰, 毕业于中国政法大学经济法系。
330    @a本书实现了各民族的空前大融合, 由此汇聚起的巨大力量, 最终推动隋朝实现了大一统, 并为大唐的繁荣奠定了基础, 从一定程度上改变了历史的走向。南北朝是中国古代历史承前启后的重要时期, 相对于南朝, 北朝的历史因纷乱复杂而使读者望而却步。
517 1  @a北朝: 大一统前的铁血迷乱@Abei chao : da yi tong qian de tie xue mi luan
606 0  @a中国历史@Azhong guo li shi@j通俗读物
606 0  @a北朝时代@Abei chao shi dai@x古代史@j通俗读物
690    @aK209@v5
690    @aK239.209@v5
701  0 @a赵海峰,@Azhao hai feng@f1974-@4著
801  0 @aCN@bBJXHZP@c20230228
905    @b1399178-81@dK209@e183:3@f4
    
    历史的沸点.第三卷.北朝: 大一统前的铁血迷乱/赵海峰著.-北京:华文出版社,2019.08
    412页;23cm
    
    
    ISBN 978-7-5075-5147-1:CNY58.00
    本书实现了各民族的空前大融合, 由此汇聚起的巨大力量, 最终推动隋朝实现了大一统, 并为大唐的繁荣奠定了基础, 从一定程度上改变了历史的走向。南北朝是中国古代历史承前启后的重要时期, 相对于南朝, 北朝的历史因纷乱复杂而使读者望而却步。
●
相关链接 在E读中查询图书 在五车中查询图书 在当当中查询图书 在豆瓣中查询图书


正题名:历史的沸点     索取号:K209/183:3         预约/预借

序号 登录号 条形码 馆藏地/架位号 状态 备注
1 1399178   213991787   第二样本阅览室/ [索取号:K209/183:3] 在馆    
2 1399179   213991796   第二借阅区/ [索取号:K209/183:3] 在馆    
3 1399180   213991803   第二借阅区/ [索取号:K209/183:3] 在馆    
4 1399181   213991812   第二借阅区/ [索取号:K209/183:3] 在馆    
唐山师范学院图书馆 欢迎您!
大连网信软件有限公司© 版权所有